| Поле | Название | Значение |
| |
Тип записи |
a |
| |
Библиографический уровень |
m |
| 001 |
Контрольный номер |
RU/SLIB/B/208717243 |
| 005 |
Дата корректировки |
20260428150007.5 |
| 010 |
Индекс ISBN |
__ |
| a |
ISBN |
5-270-00169-1 (в пер.) |
| d |
Цена |
17-00; 1-70, 50000 экз. |
| 100 |
Данные общей обработки |
__ |
| a |
Данные общей обработки |
20230905d1988 m 0rusy028902 ca |
| 101 |
Язык документа |
0_ |
| a |
Язык текста |
rus |
| 102 |
Страна публикации |
__ |
| a |
Страна публикации |
RU |
| 105 |
Кодированные данные (монография) |
__ |
| a |
Кодированные данные (монография) |
y z 000zb |
| 181 |
Поле кодированных данных: вид содержания |
_0 |
| a |
Код вида содержания (ISBD) |
i |
| 182 |
Поле кодированных данных: тип средства |
_0 |
| a |
Код типа средства (ISBD) |
n |
| 200 |
Заглавие и сведения об ответственности |
1_ |
| a |
Заглавие |
Атаман Платов |
| e |
Сведения, относящиеся к заглавию |
жизнеописание |
| f |
Первые сведения об ответственности |
Михаил Астапенко, Владимир Левченко ; [предисловие Олега Михайлова] |
| b |
Общее обозначение материала |
Текст |
| 210 |
Выходные данные |
1_ |
| a |
Место издания |
Москва |
| c |
Издательство |
Современник |
| d |
Дата издания |
1988 |
| 215 |
Физическое описание |
__ |
| a |
Объем |
238 с. |
| c |
Иллюстрации/тип воспроизводства |
ил. |
| d |
Формат |
21 см |
| 225 |
Серия |
2_ |
| a |
Серия |
Новинки "Современника" |
| 330 |
Аннотация |
__ |
| a |
Аннотация |
Личность героя книги, атамана Войска Донского, генерала от кавалерии, графа Российской империи, кавалера многих русских и иностранных орденов Матвея Платова овеяна легендами. Долгих сорок пять лет его сабля верно служила России. Он командовал колонной при штурме Измаила, участвовал в Персидском и Индийском походах, едва не пленил под Малоярославцем Наполеона. Имя его было на устах у всей Европы, а на Родине слагали о нем песни. Его жизнеописание захватывающе интересно и поучительно, особенно для молодых людей. Книга М. Астапенко и В. Левченко - первая и единственная на сегодня биография доблестного атамана. |
| 600 |
Персоналии |
_1 |
| a |
Персоналии (Фамилия) |
Платов |
| f |
Даты |
1751-1818 |
| g |
Полное имя |
Матвей Иванович |
| b |
Персоналии (Имя) |
М. И. |
| 606 |
Тематические рубрики |
__ |
| a |
Основная рубрика |
История |
| 2 |
Код системы |
nlr_sh |
| 606 |
Тематические рубрики |
__ |
| a |
Основная рубрика |
Россия в XVIII в. - 1917 г. |
| z |
Хронологическая подрубрика |
18 в. |
| z |
Хронологическая подрубрика |
19 в. нач. |
| y |
Географическая подрубрика |
Россия |
| 2 |
Код системы |
nlr_sh |
| 610 |
Ключевые слова |
0_ |
| a |
Ключевые слова |
атаманы |
| a |
Ключевые слова |
биографии |
| a |
Ключевые слова |
генералы |
| a |
Ключевые слова |
исторические деятели |
| a |
Ключевые слова |
кавалеристы |
| a |
Ключевые слова |
кавалерия |
| a |
Ключевые слова |
командиры |
| a |
Ключевые слова |
персоналии |
| a |
Ключевые слова |
русские генералы |
| 686 |
Индексы других классификаций |
__ |
| 2 |
Код системы |
rubbks |
| a |
Классификационный индекс |
63.3(2)5-8; ст63.3(2)5-8 |
| 700 |
Автор |
_1 |
| a |
Фамилия |
Астапенко |
| b |
Имя |
М. П. |
| g |
Полное личное имя |
Михаил Павлович |
| 4 |
Код отношения |
070 |
| 701 |
Альтернативная интеллектуальная ответственность |
_1 |
| a |
Фамилия |
Левченко |
| b |
Имя |
В. Г. |
| g |
Полное личное имя |
Владимир Григорьевич |
| 4 |
Код отношения |
070 |
| 702 |
Вторичная интеллектуальная ответственность |
_1 |
| a |
Фамилия |
Михайлов |
| b |
Имя |
О. |
| 4 |
Код отношения |
080 |
| 801 |
Источник записи |
_0 |
| a |
Страна |
RU |
| b |
Организация |
Муниципальное бюджетное учреждение культуры "Централизованная библиотечная система" г. Сургут (Центральная городская библиотека им. А. С. Пушкина) |
| c |
Дата составления |
20180522 |
| g |
Правила каталогизации |
PSBO |
| 801 |
Источник записи |
_1 |
| a |
Страна |
ru |
| b |
Организация |
Муниципальное бюджетное учреждение культуры "Централизованная библиотечная система" г. Сургут (Центральная городская библиотека им. А. С. Пушкина) |
| c |
Дата составления |
20180522 |
| g |
Правила каталогизации |
PSBO |
| 852 |
Данные о местонахождении |
__ |
| j |
Шифр хранения |
63.3(2)5-8 |
| c |
Каталожный индекс |
63.3(2)5-8 |
| i |
Авторский знак |
А 91 |
| p |
Инвентарный номер |
03070224; 37890 |
| 901 |
Тип документа |
__ |
| a |
Ответственный |
КиК/Поспелова; КиК/Лукашук |
| t |
Тип документа |
m |
| 901 |
Тип документа |
__ |
| a |
Ответственный |
СКБР2023 |
| 903 |
Характеристики (МАРС) |
__ |
| a |
Дата передачи |
20180522; 20030630 |
| c |
Наименование библиотеки (МАРС) |
Муниципальное бюджетное учреждение культуры "Централизованная библиотечная система" г. Сургут (Центральная городская библиотека им. А. С. Пушкина) |
| 990 |
Данные о заказе (DOS) |
__ |
| j |
Количество экземпляров (DOS) |
1; 1; 1 |
| t |
N записи в КСУ для И/У (DOS) |
201805; 200307; 199101 |